| 000 | 01114cam a2200325 i 4500 | ||
|---|---|---|---|
| 001 | 18511392 | ||
| 003 | OSt | ||
| 005 | 20180116183107.0 | ||
| 008 | 150302s2016 cau 001 0 eng | ||
| 010 | _a 2015006463 | ||
| 020 | _a9781483374048 (pbk. : alk. paper) | ||
| 040 |
_aDLC _beng _cDLC _erda _dDLC |
||
| 042 | _apcc | ||
| 050 | 0 | 0 |
_aHF5548.4.M523 _bS263 2016 |
| 082 | 0 | 0 |
_a005.54 _223 |
| 100 | 1 | _aSalkind, Neil J. | |
| 245 | 1 | 0 |
_aExcel statistics . _ba quick guide . _cNeil J. Salkind, University of Kansas. |
| 250 | _aThird edition. | ||
| 260 |
_aNew Delhi. _bSAGE. _c2016. |
||
| 300 |
_axvii, 147 pages : _billustrations ; _c24 cm |
||
| 500 | _aPaper Cover. | ||
| 600 | _aSalkind, Neil J. | ||
| 630 | 0 | 0 | _aMicrosoft Excel (Computer file) |
| 650 | 0 |
_aSocial sciences _xStatistical methods _xComputer programs. |
|
| 650 | 0 | _aElectronic spreadsheets. | |
| 700 | _aSalkind, Neil J. | ||
| 906 |
_a7 _bcbc _corignew _d1 _eecip _f20 _gy-gencatlg |
||
| 942 |
_2ddc _cBK _k005.54 |
||
| 999 |
_c352096 _d352096 |
||